Biology and the social crisis: A social biology for everyman. (Record no. 23623)

MARC details
000 -LEADER
fixed length control field 00355nam a2200133Ia 4500
082 ## - DEWEY DECIMAL CLASSIFICATION NUMBER
Classification number 57+301
Item number BRI
100 ## - MAIN ENTRY--AUTHOR NAME
Personal name BRIERLEY, J K
245 #0 - TITLE STATEMENT
Title Biology and the social crisis: A social biology for everyman.
260 ## - PUBLICATION, DISTRIBUTION, ETC. (IMPRINT)
Place of publication London
Name of publisher ELBS
Year of publication 1967
650 ## - SUBJECT ADDED ENTRY--TOPICAL TERM
Topical Term Human heredity
650 ## - SUBJECT ADDED ENTRY--TOPICAL TERM
Topical Term Sociology
942 ## - ADDED ENTRY ELEMENTS (KOHA)
Koha item type Books
Holdings
Withdrawn status Lost status Damaged status Not for loan Home library Current library Date acquired Full call number Accession Number Koha item type
        RRII Library RRII Library 16/12/2021 57+301 BRI 04321 Books